| 000 | 00340nam a2200121Ia 4500 | ||
|---|---|---|---|
| 008 | 150201s2013 xx 000 0 und d | ||
| 082 |
_a7.7 _bHAL |
||
| 100 | _aHalsall, Fred | ||
| 245 | _aMultimedia communications : applications, networks, protocols, and standards | ||
| 260 |
_bPearson _aN.Delhi _c2013 |
||
| 300 | _a1056p. | ||
| 942 |
_2ddc _cBK |
||
| 999 |
_c5517 _d5517 |
||